[Event "SLO-ch U14 Girls"]
[Site "Rogaska Slatina"]
[Date "2009.02.27"]
[Round "9"]
[White "Krajnc, Ivana"]
[Black "Skrabanja, Karolina"]
[Result "1-0"]
[WhiteElo "1500"]
[BlackElo "1625"]
[PlyCount "83"]
[EventDate "2009.02.22"]
[EventType "swiss"]
[EventRounds "9"]
[EventCountry "SLO"]
[SourceTitle "CBM 129 Extra"]
[Source "ChessBase"]
[SourceDate "2009.05.05"]
[SourceVersion "2"]
[SourceVersionDate "2009.05.20"]
[SourceQuality "1"]

1. e4 e5 2. Nf3 Nc6 3. Bc4 d6 4. d3 Bg4 5. Bg5 Be7 6. Bxe7 Ngxe7 7. Nbd2 h6 8. h3 Bh5 9. c3 Qd7 10. Nf1 f5 11. Ng3 Bxf3 12. Qxf3 f4 13. Ne2 0-0-0 14. 0-0-0 Na5 15. Bf7 Rdf8 16. Bh5 Kb8 17. Qg4 Qxg4 18. Bxg4 h5 19. Be6 Rf6 20. Bb3 Nxb3+ 21. axb3 g5 22. f3 a5 23. c4 b6 24. d4 Nc6 25. dxe5 Nxe5 26. Rhf1 Rg8 27. Kc2 Kb7 28. Kc3 Rff8 29. b4 axb4+ 30. Kxb4 g4 31. fxg4 hxg4 32. Nxf4 gxh3 33. gxh3 Rg3 34. h4 Rg4 35. Ne6 Rxf1 36. Rxf1 Rxh4 37. Kb5 Rxe4 38. Nd8+ Kc8 39. Rf8 Rxc4 40. Nc6+ Kd7 41. Nxe5+ dxe5 42. Kxc4 1-0

[Event "SLO-ch U14 Girls"]
[Site "Rogaska Slatina"]
[Date "2009.02.26"]
[Round "8"]
[White "Skrabanja, Karolina"]
[Black "Skuhala, Barbara"]
[Result "0-1"]
[WhiteElo "1625"]
[BlackElo "1554"]
[PlyCount "110"]
[EventDate "2009.02.22"]
[EventType "swiss"]
[EventRounds "9"]
[EventCountry "SLO"]
[SourceTitle "CBM 129 Extra"]
[Source "ChessBase"]
[SourceDate "2009.05.05"]
[SourceVersion "2"]
[SourceVersionDate "2009.05.20"]
[SourceQuality "1"]

1. e4 c5 2. Nc3 e6 3. Bc4 a6 4. Nf3 b5 5. Be2 Bb7 6. d3 Be7 7. Bf4 d6 8. Qd2 Nd7 9. h3 Ngf6 10. Bg5 h6 11. Bh4 Bc6 12. 0-0 0-0 13. Nh2 Nh7 14. Bxe7 Qxe7 15. Rae1 b4 16. Nd1 e5 17. f4 f5 18. exf5 Rxf5 19. Bg4 Rf6 20. fxe5 Nxe5 21. Nf3 Raf8 22. Nxe5 Rxf1+ 23. Rxf1 Rxf1+ 24. Kxf1 Qxe5 25. Qe3 Qf6+ 26. Nf2 Nf8 27. Qc1 Ne6 28. Qe3 Nf8 29. Qc1 Qe5 30. b3 Qg3 31. Ne4 Qh2 32. Qe3 Qe5 33. Qe1 Bxe4 34. Qxe4 Qxe4 35. dxe4 Kf7 36. Ke2 Kf6 37. Ke3 Ke5 38. Bc8 a5 39. g3 Nh7 40. Bg4 Nf6 41. Bf5 d5 42. Bg6 Nxe4 43. Bxe4 dxe4 44. h4 g5 45. hxg5 hxg5 46. g4 Kd5 47. Ke2 Kd4 48. Kd2 e3+ 49. Ke2 Ke4 50. Ke1 Kf3 51. Kf1 Kxg4 52. Ke2 Kf4 53. Kf1 Kf3 54. Kg1 e2 55. Kh2 e1Q 0-1

[Event "SLO-ch U14 Girls"]
[Site "Rogaska Slatina"]
[Date "2009.02.25"]
[Round "6"]
[White "Skrabanja, Karolina"]
[Black "Carli, Lara"]
[Result "1-0"]
[WhiteElo "1625"]
[BlackElo "1521"]
[PlyCount "75"]
[EventDate "2009.02.22"]
[EventType "swiss"]
[EventRounds "9"]
[EventCountry "SLO"]
[SourceTitle "CBM 129 Extra"]
[Source "ChessBase"]
[SourceDate "2009.05.05"]
[SourceVersion "2"]
[SourceVersionDate "2009.05.20"]
[SourceQuality "1"]

1. e4 c5 2. Nc3 a6 3. Nf3 Nc6 4. Bc4 e6 5. a3 b5 6. Be2 Nf6 7. d3 Qc7 8. Be3 Be7 9. Qc1 Bb7 10. 0-0 0-0 11. Ne1 d5 12. Bg5 d4 13. Nd1 Nd7 14. f3 Qe5 15. f4 Bxg5 16. fxg5 f5 17. gxf6 Nxf6 18. Nf3 Qd6 19. Nf2 h6 20. Qd2 e5 21. Nh4 Ne7 22. Ng4 g5 23. Nxh6+ Kh7 24. N4f5 Qd7 25. Qxg5 Neg8 26. Nxg8 Nxg8 27. Qh5+ Nh6 28. Qxh6+ Kg8 29. Qg6+ Kh8 30. Rf3 Rf7 31. Qh6+ Rh7 32. Qf6+ Rg7 33. Rh3+ Kg8 34. Nxg7 Qxg7 35. Rg3 Qxg3 36. hxg3 Rf8 37. Qe6+ Kh8 38. Rf1 1-0

[Event "SLO-ch U14 Girls"]
[Site "Rogaska Slatina"]
[Date "2009.02.22"]
[Round "1"]
[White "Skrabanja, Karolina"]
[Black "Pozonec, Veronika"]
[Result "1-0"]
[WhiteElo "1625"]
[BlackElo "1509"]
[PlyCount "65"]
[EventDate "2009.02.22"]
[EventType "swiss"]
[EventRounds "9"]
[EventCountry "SLO"]
[SourceTitle "CBM 129 Extra"]
[Source "ChessBase"]
[SourceDate "2009.05.05"]
[SourceVersion "2"]
[SourceVersionDate "2009.05.20"]
[SourceQuality "1"]

1. e4 e6 2. d4 d5 3. e5 c5 4. Nf3 Nc6 5. Be2 Bd7 6. c3 Qc7 7. b3 cxd4 8. cxd4 Be7 9. 0-0 f6 10. Bb2 Rc8 11. Nbd2 fxe5 12. Nxe5 Nxe5 13. dxe5 Bc5 14. Rc1 Qb8 15. Bg4 Nh6 16. Kh1 0-0 17. f4 Bb5 18. Bxe6+ Kh8 19. Bxc8 Bxf1 20. Rxc5 Bxg2+ 21. Kxg2 Rxc8 22. Rxd5 Nf5 23. Nc4 h6 24. Qg4 Ne7 25. Rd7 Rc7 26. Qe6 Rxd7 27. Qxd7 b5 28. Nd6 Nd5 29. Nf7+ Kh7 30. Qxd5 Qc7 31. Qe4+ g6 32. Nd6 Qa5 33. Qb7+ 1-0

[Event "SLO-ch U14 Girls"]
[Site "Postojna"]
[Date "2008.02.29"]
[Round "8"]
[White "Hervolj, Manca"]
[Black "Skrabanja, Karolina"]
[Result "0-1"]
[WhiteElo "1517"]
[BlackElo "1632"]
[PlyCount "56"]
[EventDate "2008.02.24"]
[EventType "swiss"]
[EventRounds "9"]
[EventCountry "SLO"]
[SourceTitle "EXT 2010"]
[Source "ChessBase"]
[SourceDate "2010.11.25"]
[SourceVersion "1"]
[SourceVersionDate "2010.11.25"]
[SourceQuality "1"]

1. e4 e5 2. Nf3 Nc6 3. Bb5 Nf6 4. 0-0 Bc5 5. d3 d6 6. h3 Bd7 7. Bxc6 Bxc6 8. Bg5 h6 9. Be3 Bb6 10. Nbd2 0-0 11. Nc4 Nh7 12. Bxb6 axb6 13. Ne3 Bd7 14. Nh2 f5 15. Nxf5 Bxf5 16. exf5 Rxf5 17. Qg4 Rg5 18. Qf3 c6 19. Ng4 Qd7 20. Ne3 Rf8 21. Qe2 Qxh3 22. f3 Qh4 23. Qf2 Qf4 24. Qe2 Nf6 25. Rf2 Rh5 26. Ng4 Nxg4 27. fxg4 Qh2+ 28. Kf1 Qh1# 0-1

[Event "SLO-ch U14 Girls"]
[Site "Postojna"]
[Date "2008.02.28"]
[Round "7"]
[White "Skrabanja, Karolina"]
[Black "Skrlep, Liza"]
[Result "1/2-1/2"]
[WhiteElo "1632"]
[BlackElo "1543"]
[PlyCount "52"]
[EventDate "2008.02.24"]
[EventType "swiss"]
[EventRounds "9"]
[EventCountry "SLO"]
[SourceTitle "EXT 2010"]
[Source "ChessBase"]
[SourceDate "2010.11.25"]
[SourceVersion "1"]
[SourceVersionDate "2010.11.25"]
[SourceQuality "1"]

1. e4 e5 2. Nf3 Nc6 3. Bb5 Bc5 4. Nc3 Nf6 5. 0-0 d6 6. d4 exd4 7. Nxd4 Bxd4 8. Bxc6+ bxc6 9. Qxd4 h6 10. e5 c5 11. Qf4 Nh7 12. exd6 cxd6 13. Re1+ Be6 14. Qa4+ Qd7 15. Qxd7+ Kxd7 16. Bf4 Rad8 17. Rad1 Kc6 18. a4 a6 19. f3 Nf6 20. Kf2 Rd7 21. b3 g5 22. Bg3 Nh5 23. Ne4 Nxg3 24. Nxg3 d5 25. h3 Rd6 26. Nh5 Bf5 1/2-1/2

[Event "SLO-ch U14 Girls"]
[Site "Postojna"]
[Date "2008.02.27"]
[Round "5"]
[White "Gornik, Janja"]
[Black "Skrabanja, Karolina"]
[Result "0-1"]
[WhiteElo "1524"]
[BlackElo "1632"]
[PlyCount "66"]
[EventDate "2008.02.24"]
[EventType "swiss"]
[EventRounds "9"]
[EventCountry "SLO"]
[SourceTitle "EXT 2010"]
[Source "ChessBase"]
[SourceDate "2010.11.25"]
[SourceVersion "1"]
[SourceVersionDate "2010.11.25"]
[SourceQuality "1"]

1. e4 e5 2. Nf3 Nc6 3. Bc4 d6 4. d3 Bg4 5. Nc3 g6 6. Be3 Bg7 7. h3 Bxf3 8. Qxf3 Qd7 9. Bg5 f5 10. exf5 gxf5 11. Bb5 f4 12. Qe4 Bf6 13. Bxf4 0-0-0 14. Be3 d5 15. Bxc6 Qxc6 16. Qf5+ Kb8 17. Bg5 h6 18. Bxf6 Nxf6 19. 0-0-0 Nd7 20. Qf3 Nc5 21. Rhe1 Rhf8 22. Qg3 e4 23. dxe4 dxe4 24. Rxd8+ Rxd8 25. Qf4 Re8 26. f3 exf3 27. Rxe8+ Qxe8 28. Qxf3 a6 29. Qe2 Qc6 30. Qf3 Qe8 31. Qf6 h5 32. Qf5 Na4 33. Nxa4 Qe1# 0-1

[Event "SLO-ch U12 Girls"]
[Site "Murska Sobota"]
[Date "2007.03.01"]
[Round "8"]
[White "Krajnc, Ivana"]
[Black "Skrabanja, Karolina"]
[Result "0-1"]
[WhiteElo "1500"]
[BlackElo "1628"]
[PlyCount "85"]
[EventDate "2007.02.25"]
[EventType "swiss"]
[EventRounds "9"]
[EventCountry "SLO"]
[SourceTitle "CBM 117 Extra"]
[Source "ChessBase"]
[SourceDate "2007.05.09"]
[SourceVersion "1"]
[SourceVersionDate "2007.05.09"]
[SourceQuality "1"]

1. e4 e5 2. Nf3 Nc6 3. Bc4 h6 4. Nc3 Bb4 5. a3 Bxc3 6. bxc3 Nf6 7. d3 0-0 8. 0-0 d6 9. h3 Qe7 10. Re1 Be6 11. Bxe6 Qxe6 12. d4 Qe8 13. d5 Ne7 14. Be3 Qd7 15. c4 Nxe4 16. Qd3 f5 17. Qb3 b6 18. Qb5 Qxb5 19. cxb5 Nxd5 20. Nh4 f4 21. Bc1 Nef6 22. c4 Ne7 23. Bb2 g5 24. Nf3 Ng6 25. Nd2 Kg7 26. Bc3 Rae8 27. f3 h5 28. a4 Ra8 29. a5 h4 30. Ne4 Nxe4 31. Rxe4 Rfe8 32. axb6 axb6 33. Rxa8 Rxa8 34. Re1 Kf7 35. Ra1 Rxa1+ 36. Bxa1 Nf8 37. Kf2 Nd7 38. Bc3 Nc5 39. Ba1 Ke6 40. Ke2 Kd7 41. Kd2 Nb3+ 42. Kd3 Nxa1 43. Ke4 0-1

[Event "SLO-ch U12 Girls"]
[Site "Murska Sobota"]
[Date "2007.02.25"]
[Round "1"]
[White "Skrabanja, Karolina"]
[Black "Kolar, Neza"]
[Result "1-0"]
[WhiteElo "1628"]
[BlackElo "1500"]
[PlyCount "71"]
[EventDate "2007.02.25"]
[EventType "swiss"]
[EventRounds "9"]
[EventCountry "SLO"]
[SourceTitle "CBM 117 Extra"]
[Source "ChessBase"]
[SourceDate "2007.05.09"]
[SourceVersion "1"]
[SourceVersionDate "2007.05.09"]
[SourceQuality "1"]

1. e4 e5 2. Nf3 Nc6 3. Bb5 a6 4. Ba4 b5 5. Bb3 a5 6. a3 a4 7. Ba2 Bc5 8. Nc3 d6 9. d3 Bd4 10. Nxd4 exd4 11. Ne2 Bg4 12. f3 Be6 13. Bxe6 fxe6 14. 0-0 Nf6 15. Bg5 0-0 16. Ng3 h6 17. Bxf6 Rxf6 18. Qe1 b4 19. axb4 Ne7 20. Nh5 Rf8 21. Qg3 g6 22. Nf4 Rf6 23. Nh5 Rf8 24. Nf4 Rf6 25. Ra3 Qe8 26. Rfa1 Kh7 27. b3 e5 28. Ne2 Qb5 29. Rxa4 Rxa4 30. Rxa4 c5 31. bxc5 dxc5 32. Qxe5 Ng8 33. Ra7+ Kh8 34. Nf4 Ne7 35. Qxe7 Kg8 36. Qg7# 1-0

[Event "SLO-ch U12 Girls"]
[Site "Murska Sobota"]
[Date "2006.03.01"]
[Round "5"]
[White "Skrabanja, Karolina"]
[Black "Skrlep, Liza"]
[Result "1-0"]
[WhiteElo "1620"]
[BlackElo "1524"]
[PlyCount "133"]
[EventDate "2006.02.26"]
[EventType "swiss"]
[EventRounds "9"]
[EventCountry "SLO"]
[SourceTitle "EXT 2009"]
[Source "ChessBase"]
[SourceDate "2008.11.26"]
[SourceVersion "1"]
[SourceVersionDate "2008.11.26"]
[SourceQuality "1"]

1. e4 e5 2. Nf3 Nc6 3. Bb5 Bc5 4. Nc3 Nf6 5. h3 0-0 6. 0-0 Re8 7. Bxc6 dxc6 8. d3 h6 9. Qe2 b5 10. Be3 Bb6 11. Bxb6 cxb6 12. a3 a5 13. b3 Ba6 14. a4 b4 15. Nd1 c5 16. Ne3 Nxe4 17. Nd1 Ng5 18. Nxg5 Qxg5 19. f3 Qh4 20. Ne3 Qd4 21. Kh1 e4 22. Nf5 exd3 23. Qxe8+ Rxe8 24. Nxd4 cxd4 25. Rfe1 Rc8 26. cxd3 Bxd3 27. Red1 Bc2 28. Rac1 d3 29. Rxd3 Bxd3 30. Rxc8+ Kh7 31. Rb8 Bc2 32. Rxb6 Bxb3 33. Ra6 Bxa4 34. Rxa5 Bc2 35. Ra2 b3 36. Rb2 Kg6 37. Kg1 Kf5 38. Kf2 Ke5 39. Ke3 Kd5 40. g3 Kc4 41. Kd2 Kb4 42. Rxc2 bxc2 43. Kxc2 f5 44. Kd3 Kc5 45. Ke3 g5 46. f4 g4 47. hxg4 fxg4 48. f5 Kd5 49. Kf4 h5 50. Kg5 Ke5 51. f6 Ke6 52. f7 Kxf7 53. Kxh5 Kf6 54. Kxg4 Kg6 55. Kh4 Kh6 56. g4 Kg6 57. g5 Kh7 58. Kg4 Kg6 59. Kf4 Kh7 60. Kf5 Kg7 61. g6 Kh8 62. Kf6 Kg8 63. g7 Kh7 64. Kf7 Kh6 65. g8Q Kh5 66. Qg3 Kh6 67. Qg6# 1-0

[Event "SLO-ch U12 Girls"]
[Site "Murska Sobota"]
[Date "2006.02.27"]
[Round "4"]
[White "Gornik, Janja"]
[Black "Skrabanja, Karolina"]
[Result "1/2-1/2"]
[WhiteElo "1515"]
[BlackElo "1620"]
[PlyCount "92"]
[EventDate "2006.02.26"]
[EventType "swiss"]
[EventRounds "9"]
[EventCountry "SLO"]
[SourceTitle "EXT 2009"]
[Source "ChessBase"]
[SourceDate "2008.11.26"]
[SourceVersion "1"]
[SourceVersionDate "2008.11.26"]
[SourceQuality "1"]

1. e4 e5 2. Nf3 Nc6 3. Bc4 h6 4. Nc3 Bb4 5. d3 Nf6 6. Bd2 Bxc3 7. Bxc3 d6 8. h3 0-0 9. 0-0 Qe7 10. Qe2 a6 11. Qe3 Be6 12. Bb3 Bxb3 13. axb3 Rfe8 14. Qe2 Nh7 15. Bd2 Nf6 16. Be3 Kh7 17. Nd2 Rf8 18. Nc4 Nd7 19. Qf3 Qe6 20. Qg3 f5 21. exf5 Rxf5 22. Qg4 Rf6 23. Qxe6 Rxe6 24. f4 Rae8 25. fxe5 Ndxe5 26. Bf4 Nxc4 27. bxc4 Nd4 28. Rf2 Ne2+ 29. Kf1 Nxf4 30. Rxf4 Kg8 31. b3 Rf8 32. Rxf8+ Kxf8 33. Re1 Kf7 34. Rxe6 Kxe6 35. Ke2 Ke5 36. Ke3 c5 37. c3 b6 38. g3 g6 39. d4+ Kf5 40. Kf3 g5 41. g4+ Kf6 42. Ke3 a5 43. Ke4 Ke6 44. Kf3 Kf6 45. Kg3 Ke7 46. h4 Kf6 1/2-1/2

[Event "Wch U10 Girls"]
[Site "Belfort"]
[Date "2005.07.25"]
[Round "8"]
[White "Kabai, Zsuzsanna"]
[Black "Skrabanja, Karolina"]
[Result "1/2-1/2"]
[WhiteElo "1599"]
[BlackElo "1599"]
[PlyCount "64"]
[EventDate "2005.07.??"]
[EventType "swiss"]
[EventRounds "11"]
[EventCountry "FRA"]
[SourceTitle "CBM 107 Extra"]
[Source "ChessBase"]
[SourceDate "2005.09.01"]
[SourceVersion "1"]
[SourceVersionDate "2005.09.01"]
[SourceQuality "1"]

1. c4 e5 2. Nc3 Bc5 3. g3 Nf6 4. Bg2 d6 5. e3 Nc6 6. Nge2 0-0 7. 0-0 Bb4 8. d4 Bxc3 9. Nxc3 exd4 10. exd4 Rb8 11. Be3 Bf5 12. b3 Qd7 13. Qd2 Bh3 14. Rfe1 Bxg2 15. Kxg2 Rfe8 16. Re2 Re7 17. Rae1 Rbe8 18. d5 Ne5 19. f4 Neg4 20. h3 Nxe3+ 21. Rxe3 Rxe3 22. Rxe3 Rxe3 23. Qxe3 b6 24. Ne4 Nxe4 25. Qxe4 f5 26. Qe3 Kf7 27. Kf2 g6 28. Qe2 Qe7 29. Qxe7+ Kxe7 30. Ke3 a5 31. Kd4 Kd7 32. a3 c6 1/2-1/2

[Event "SLO-ch U10 Girls"]
[Site "Sentjur"]
[Date "2005.02.27"]
[Round "2"]
[White "Bojc, Dasa"]
[Black "Skrabanja, Karolina"]
[Result "0-1"]
[WhiteElo "1563"]
[BlackElo "1563"]
[PlyCount "96"]
[EventDate "2005.02.26"]
[EventType "tourn"]
[EventRounds "9"]
[EventCountry "SLO"]
[SourceTitle "CBM 105 Extra"]
[Source "ChessBase"]
[SourceDate "2005.05.01"]
[SourceVersion "1"]
[SourceVersionDate "2005.05.01"]
[SourceQuality "1"]

1. e4 e5 2. Nf3 Nc6 3. Nc3 Nf6 4. d4 exd4 5. Nxd4 Nxd4 6. Qxd4 b6 7. Bg5 Bc5 8. Qe5+ Be7 9. Bxf6 gxf6 10. Qh5 d6 11. Bb5+ Bd7 12. Bxd7+ Qxd7 13. Nd5 c6 14. Ne3 Qe6 15. Qf3 0-0-0 16. Qf5 Rd7 17. a3 Qe5 18. 0-0-0 Qxf5 19. Nxf5 Re8 20. f4 Red8 21. Nd4 Kc7 22. Rd3 d5 23. e5 fxe5 24. fxe5 Bc5 25. e6 Re7 26. exf7 Bxd4 27. Rf1 Bg7 28. Rg3 Bh6+ 29. Kb1 Rf8 30. Rh3 Bg7 31. Rhf3 Kd7 32. h4 h6 33. g4 Ke6 34. Re1+ Be5 35. Rfe3 Kd6 36. g5 hxg5 37. hxg5 Rfxf7 38. Rh1 Bf4 39. Rh6+ Kd7 40. Rc3 c5 41. Rd3 d4 42. Rg6 Rg7 43. Rf6 Bxg5 44. Rf5 Ke6 45. Rdf3 Ref7 46. Rxf7 Rxf7 47. Rg3 Kf6 48. Rg1 Be3 0-1